Bigflo & Oli - As tu écouter les paroles - Statistiques

Statistiques générales
  • Ce quiz a été pris 93 fois
  • Le résultat moyen est 5 sur 12
Statistiques - réponses
Question Musique Réponse % Correct
Comment s'appelle la fille de Lili et Lolo Lili Lola
62%
Quelle âge a Marco ? Marco 21
57%
Qu'est ce que Oli à jeter dans la Garonne ? Nous Aussi 2 Coffre
57%
De quelle école Bigflo est-il le premier MC diplomé La tempête Poudlard
56%
Que mange la famille avant le drame Monsieur Tout le Monde Haricots verts/steak haché
55%
Qui sera sur les billets de banques ? Ca va beaucoup trop vite Elon Musk
45%
A quelle entreprise font-ils à eux quatre 50% du chiffre d'affaire ? C'est que du rap Fnac
44%
Que faut t'il qu'on braque pour leur faire perdre tout ce qu'ils ont ? Insolent #4 BNP
32%
Qu'est ce que les cons ont compris au lieu de "Vive la France" dans "Sacré Bordel ?" Freestyle 10 minutes Votez Macron
32%
Dans un rêve, Bigflo dit avoir vu Molière écrire quelle phrase ? Atlantis Nique la police
19%
Comment s'appelle la professeur de Bigflo qui nous a quitté ? Répondez-moi Mme Martin
17%
Dans l'outro, comment s'appelle la vidéo malaise d'eux avec Wawad ? Ca va trop vite SL740021
12%
Aucun quiz correspondant
Distribution des résultats
% des personnes avec chaque résultat
Percentile par nombre de réponses
Votre historique - résultats
Vous n’avez pas pris ce quiz